ကျွန်မဖခင် မင်္ဂလာဦးဘသန်း / (Record no. 27121)

000 -LEADER
fixed length control field 01107nam a22001937a 4500
005 - DATE AND TIME OF LATEST TRANSACTION
control field 20260123083652.0
008 - FIXED-LENGTH DATA ELEMENTS--GENERAL INFORMATION
fixed length control field 230713b ||||| |||| 00| 0 eng d
040 ## - CATALOGING SOURCE
Transcribing agency SSBUL
Modifying agency SSBUL
082 ## - DEWEY DECIMAL CLASSIFICATION NUMBER
Edition number 23
Classification number ၉၂၂.၉၄၃ ခင် ၁၆၀၆၀ (S-SAT)
100 ## - MAIN ENTRY--PERSONAL NAME
Personal name ခင်သန်းမြင့်။
9 (RLIN) 27868
245 ## - TITLE STATEMENT
Title ကျွန်မဖခင် မင်္ဂလာဦးဘသန်း /
Statement of responsibility, etc. ခင်သန်းမြင့်။
260 ## - PUBLICATION, DISTRIBUTION, ETC.
Place of publication, distribution, etc. ရန်ကုန်၊
Name of publisher, distributor, etc. သိန်းထိုက်ရတနာပုံနှိပ်တိုက်၊
Date of publication, distribution, etc. ၁၉၈၁။
300 ## - PHYSICAL DESCRIPTION
Extent ၁၁၆ စာမျက်နှာ၊
Other physical details ဓာတ်ပုံများ၊
Dimensions ၂၂ စင်တီ။
500 ## - GENERAL NOTE
General note S-SAT: Dr. Prof Sai Aung Tun
650 ## - SUBJECT ADDED ENTRY--TOPICAL TERM
Topical term or geographic name entry element ဘာသာရေးအတ္ထုပ္ပတ္တိ။
9 (RLIN) 27869
Source of heading or term အတ္ထုပ္ပတ္တိ။
Topical term or geographic name entry element ဘသန်း၊
Form subdivision ဦး၊ မင်္ဂလာ-
Geographic subdivision (၁၈၉၂- ၁၉၇၃)
9 (RLIN) 27870
Topical term or geographic name entry element မြန်မာနိုင်ငံ
General subdivision အတ္ထုပ္ပတ္တိ။
9 (RLIN) 27871
942 ## - ADDED ENTRY ELEMENTS (KOHA)
Source of classification or shelving scheme
Koha item type Book (Short term)
Holdings
Withdrawn status Lost status Source of classification or shelving scheme Damaged status Not for loan Collection code Permanent Location Current Location Shelving location Date acquired Total Checkouts Full call number Barcode Date last seen Price effective from Koha item type Accession
          Special Collections Shan State Buddhist University Library Shan State Buddhist University Library Special Collection Shelves 13/07/2023   ၉၂၂.၉၄၃ ခင် ၁၆၀၆၀ (S-SAT) MB00016060 13/07/2023 13/07/2023 Book (Short term) ၁၆၀၆၀ (S-SAT)

Library - 09407999929
Admin Office - 09407999979
Dean Office - 09250910768
Registrar Office - 09892297154
Email - [email protected]
Shan State Buddhist University, Phaya Phyu Taunggyi, Shan State, Myanmar.